000 00632nam a2200229Ia 4500
003 OSt
005 20221006165104.0
006 a|||||r|||| 00| 0
007 ta
008 221006b |||||||| |||| 00| 0 hin d
024 _a4,445
037 _cTextual
040 _aFML
_cFML
_bhin
041 _2hin
_ahin
082 _aO152, 6z7, L3
100 _aSingh Chandra Prakash Au.
_9679072
245 0 _aShodh Sadhna
_b Bhaag - 1
260 _aAllahabad
_bSmriti Prakashan India
_c1973
300 _a240
_ccm.
942 _hO152, 6z7, L3
_cTEXL
_2CC
999 _c1119556
_d1119556